000 00645nam a2200217 i 4500
001 84033
003 ES-MaACL
005 20250918063029.0
007 t|
008 041119s1970 sp ||||1| spa d
080 _a821.134.2-14"16"
100 1 _aJáuregui, Juan de,
_d1583-1641
_966187
245 1 0 _aOrfeo /
_cJuan de Jáuregui ; edición y prólogo de Inmaculada Ferrer.
260 _aBarcelona :
_bLlibres de Sinera,
_c1970.
300 _a79 p. ;
_c18 cm.
490 1 _aOcnos ;
_v3
700 1 _aFerrer, Inmaculada.
_950420
830 1 _aColección Ocnos
_v3
_9181638
852 _aES-MaACL
_jC-40461
999 _c84033
_d84033